00893cam a2200277 a 450000100090000000300040000900500170001300800410003001000170007102000150008804000180010304200090012105000250013010000190015524500350017426000410020930000210025052100070027152600090027865000190028765000220030665000200032885600990034885600910044785600770053813330289OSt20140310184358.0030902s2003 nyu c 000 1 eng  a 2003019477 a0590690132 aDLCcDLCdDLC alcac00aPZ 7b.P2843Bof 20031 aPaulsen, Gary.10aBrian's winter/cGary Paulsen. aNew York :bWendy Lamb Books,c2003. a133 p. :c22 cm. aG9 c1140 1aDogsvFiction. 1aHuntingvFiction. 1aBearsvFiction.423Contributor biographical informationuhttp://www.loc.gov/catdir/bios/random055/2003019477.html423Publisher descriptionuhttp://www.loc.gov/catdir/description/random052/2003019477.html413Sample textuhttp://www.loc.gov/catdir/samples/random045/2003019477.html